00515nam a2200145 a 450000100100000000500170001000800410002704000250006808200210009324501050011424600790021925000120029826000390031030000200034900003114320200930062730.0110614s2000 dr 000 0 spa d aDO-SdBNPbspacBNPHU axxxxbP121, 200000aPacto de ética electoral :buna propuesta desde la sociedad civil. Elecciones presidenciales 2000.14aConvocatoria pública para la suscripción de un pacto ético electoral a2a. ed. aSanto Domingo :bMediabyte,c2000. a22 p. ;c21 cm.